Medicína smeruje k oprave génov a liečbe na mieru
Precision medicine (PMI) ako jedna z priorít amerického prezidenta B. Obamu. Využitie najnovších vedeckých poznatkov v oblasti genetiky, biológie ako aj informačných technológií. Sprístupnenie metódy na čítanie DNA. Molekulárni biológovia G. Minárik a T. Szemeš, ktorí sa zaoberajú novými prístupmi v...
Salvato in:
| Autore principale: | |
|---|---|
| Natura: | Capitolo di libro |
| Lingua: | slovacco |
| Soggetti: | |
| Tags: |
Nessun Tag, puoi essere il primo ad aggiungerne!!
|
MARC
| LEADER | 00000naa a2200000 4500 | ||
|---|---|---|---|
| 001 | 0221308 | ||
| 005 | 20231113105649.9 | ||
| 041 | 0 | |a slo | |
| 044 | |a SK | ||
| 245 | 1 | 0 | |a Medicína smeruje k oprave génov a liečbe na mieru |c Zuzana Petková |
| 520 | |a Precision medicine (PMI) ako jedna z priorít amerického prezidenta B. Obamu. Využitie najnovších vedeckých poznatkov v oblasti genetiky, biológie ako aj informačných technológií. Sprístupnenie metódy na čítanie DNA. Molekulárni biológovia G. Minárik a T. Szemeš, ktorí sa zaoberajú novými prístupmi v diagnostike pacientov. Špecifický test umožňujúci zistiť Downon syndróm plodu. Veľká výzva vo výskume - onkogenetika. | ||
| 610 | 2 | 0 | |a medicína |
| 610 | 2 | 0 | |a veda |
| 610 | 2 | 0 | |a výskum |
| 610 | 2 | 0 | |a biológia |
| 610 | 2 | 0 | |a technológie informačné |
| 610 | 2 | 0 | |a starostlivosť zdravotná |
| 100 | 1 | |a Petková, Zuzana | |